What a scare, jesse bear / (Record no. 4868)

MARC details
000 -LEADER
fixed length control field 00957nam a22003017a 4500
001 - CONTROL NUMBER
control field 4868
003 - CONTROL NUMBER IDENTIFIER
control field FISKH
005 - DATE AND TIME OF LATEST TRANSACTION
control field 20241021160224.0
008 - FIXED-LENGTH DATA ELEMENTS--GENERAL INFORMATION
fixed length control field 241021b cb ||||| |||| 00| 0 eng d
020 ## - INTERNATIONAL STANDARD BOOK NUMBER
International Standard Book Number 0439218837
040 ## - CATALOGING SOURCE
Original cataloging agency FISKH
Language of cataloging eng
Transcribing agency FISKH
Modifying agency FISKH
050 ## - LIBRARY OF CONGRESS CALL NUMBER
Classification number PZ8.C21684
082 ## - DEWEY DECIMAL CLASSIFICATION NUMBER
Classification number 303
100 ## - MAIN ENTRY--PERSONAL NAME
Personal name Carlstrom, White Nancy
Dates associated with a name (1948-)
245 ## - TITLE STATEMENT
Title What a scare, jesse bear /
Statement of responsibility, etc. by Nancy White Carlstrom illustrated by Bruce Degen
250 ## - EDITION STATEMENT
Edition statement First printing in 2000
260 ## - PUBLICATION, DISTRIBUTION, ETC.
Place of publication, distribution, etc. New York :
Name of publisher, distributor, etc. Scholastic,
Date of publication, distribution, etc. 2000.
300 ## - PHYSICAL DESCRIPTION
Extent 26 pages :
Other physical details Color illustrations ;
Dimensions 26 cm.
505 ## - FORMATTED CONTENTS NOTE
Formatted contents note G<br/>
520 ## - SUMMARY, ETC.
Summary, etc. At Halloween Jesse Bear picks out a pumpkin, helps make a jack-o-lantern, works on a costume, and has fun trick-or-treating.
521 8# - TARGET AUDIENCE NOTE
Target audience note 380L<br/>
Source Lexile<br/>
521 8# - TARGET AUDIENCE NOTE
Target audience note G<br/>
Source Raz-Plus<br/>
650 ## - SUBJECT ADDED ENTRY--TOPICAL TERM
Source of heading or term Bears
Topical term or geographic name entry element Holiday
650 ## - SUBJECT ADDED ENTRY--TOPICAL TERM
Source of heading or term Costumes
Topical term or geographic name entry element Halloween
700 ## - ADDED ENTRY--PERSONAL NAME
Personal name Degen, Bruce
Dates associated with a name Illustrator
942 ## - ADDED ENTRY ELEMENTS (KOHA)
Source of classification or shelving scheme Dewey Decimal Classification
Koha item type Books
Suppress in OPAC No
Holdings
Withdrawn status Lost status Source of classification or shelving scheme Damaged status Not for loan Collection Home library Current library Shelving location Date acquired Total Checkouts Full call number Barcode Date last seen Copy number Price effective from Koha item type
    Dewey Decimal Classification     Fiction Footprints International School Library Network Toul Kork Campus Footprints International School Library Network Toul Kork Campus TK Primary Library Room(4th Floor), Bookcase 1&2, Shelves 1-16, Dark Blue Books 10/21/2024   CAR 303 PZ8.C21684 2024-2183 10/21/2024 1 10/21/2024 Books